| 000 | 00533nam a22002057a 4500 | ||
|---|---|---|---|
| 001 | 00501 | ||
| 003 | KOHA_MİRAKIL | ||
| 005 | 20240914231531.0 | ||
| 008 | 240915b tu ||||| |||| 00| 0 tur d | ||
| 020 | _a9789751039804 | ||
| 040 |
_aTR-AnABB _btur _cTR-AnABB |
||
| 041 | _atur | ||
| 082 |
_a813.42 _bDIK 2019 |
||
| 100 | _aDiker, Seda | ||
| 245 | 0 |
_aAşk'ın galib'i / _cSeda Diker. |
|
| 260 |
_aİstanbul : _bİnkılap Yayınevi, _c2019. |
||
| 300 |
_a357 sayfa ; _c21 cm. |
||
| 650 | _aTürk edebiyatı, roman | ||
| 942 |
_2ddc _cBK |
||
| 999 |
_c512 _d512 |
||